000 00606nam a22002297a 4500
003 UA-OsUOA
001 74294
007 ta
008 20110331b un ||||| |||| 00| 0 ukr d
100 _aШвайка М.
700 _aПельо А.
090 _a330
_bШ33
942 _cSA
040 _aUA-OsUOA
_bukr
_cUA-OsUOA
_dUA-OsUOA
245 _aСвітова фінансова криза та шляхи її подолання
300 _aС.29
955 _a0
041 _aukr
080 _a330
773 0 _w74284
_tВіче
_dК.
_d2011
_g6
650 7 _a330 Економіка взагалі
_2UDC
999 _c360588
_d360588